Home is where the wind blows: chapters from a cosmologist's life. (Record no. 11779)

MARC details
000 -LEADER
fixed length control field 00628nam a2200205Ia 4500
003 - CONTROL NUMBER IDENTIFIER
control field IN-BaIIA
008 - FIXED-LENGTH DATA ELEMENTS--GENERAL INFORMATION
fixed length control field 211028s9999 xx 000 0 eng d
020 ## - INTERNATIONAL STANDARD BOOK NUMBER
International Standard Book Number 0-935702-27-X
040 ## - CATALOGING SOURCE
Transcribing agency IIA Library
080 ## - UNIVERSAL DECIMAL CLASSIFICATION NUMBER
Universal Decimal Classification number 92:52
Item number HOY
100 ## - MAIN ENTRY--PERSONAL NAME
Personal name Hoyle, F
9 (RLIN) 2325
245 #0 - TITLE STATEMENT
Title Home is where the wind blows: chapters from a cosmologist's life.
Statement of responsibility, etc. F. Hoyle
260 ## - PUBLICATION, DISTRIBUTION, ETC.
Place of publication, distribution, etc. California
Name of publisher, distributor, etc. University Science
Date of publication, distribution, etc. 1994
300 ## - PHYSICAL DESCRIPTION
Extent xi, 443p.
650 ## - SUBJECT ADDED ENTRY--TOPICAL TERM
Topical term or geographic name entry element Astrophysicists
9 (RLIN) 20422
650 ## - SUBJECT ADDED ENTRY--TOPICAL TERM
Topical term or geographic name entry element Astrophysics
9 (RLIN) 794
650 ## - SUBJECT ADDED ENTRY--TOPICAL TERM
Topical term or geographic name entry element Biography
9 (RLIN) 1224
650 ## - SUBJECT ADDED ENTRY--TOPICAL TERM
Topical term or geographic name entry element Great Britain
9 (RLIN) 20423
942 ## - ADDED ENTRY ELEMENTS (KOHA)
Koha item type Books
Holdings
Withdrawn status Lost status Damaged status Not for loan Home library Current library Shelving location Date acquired Source of acquisition Total Checkouts Full call number Barcode Date last seen Price effective from Koha item type
        IIA Library-Bangalore IIA Library-Bangalore General Stacks 14/06/1996 HEF   92:52/ HOY 12694 05/11/2021 14/06/1996 Books

Powered by Koha